000 00941nam a22002657a 4500
001 07608
003 HDC
007 cr bn ---
008 210128b2008 my ||||| |||| 00| 0 eng d
040 _aHDC
100 _aREZAI, GOLNAZ
_eauthor
_9186
245 0 _aCONSUMERS' CONFIDENCE IN HALAL LABELED MANUFACTURED FOOD IN MALAYSIA / by
_cGOLNAZ REZAI
260 _a[No place] :
_b[publisher not identified],
_c2008
300 _a1 online resource (249 pages)
336 _atext
_2rdacontent
337 _acomputer
_2rdamedia
338 _aonline resource
_2rdacarrier
650 _afood processing industry
_97569
650 _afood products
_92068
710 _aUNIVERSITI PUTRA MALAYSIA
_eissuing body
856 _zRequest full-text at [email protected]
942 _2lcc
942 _cTHE
942 _kTHES 000042
999 _c4931
_d4931